Dạy con làm giàu Tập 8 Để có những đồng tiền tích cực

Sách thảo luận về cái giá để làm giàu mà không phải ti tiện, không phải keo kiệt hoặc không phải cưới một anh chành hay cô nàng giàu có nào đó. Bạn sẽ học cách làm giàu có mà vẫn được hưởng thụ một cuộc sống thoải mái....

Volledige beschrijving

Bewaard in:
Bibliografische gegevens
Hoofdauteur: Kiyosaki, Robert T.
Andere auteurs: Thiên Kim (Dịch)
Formaat: Boek
Taal:Vietnamese
Gepubliceerd in: Tp. Hồ Chí Minh Nxb. Trẻ 2016
Editie:Tái bản lần thứ 16
Onderwerpen:
Tags: Voeg label toe
Geen labels, Wees de eerste die dit record labelt!
Thư viện lưu trữ: Thư viện Trường Đại học Nam Cần Thơ
LEADER 01382nam a22002297a 4500
001 NCT_64274
008 190511b xxu||||| |||| 00| 0 vie d
999 |c 3110  |d 3110 
020 |a 9786041085299  |c 50000 
082 0 4 |2 23rd ed.  |a 332.024  |b K46/T.8 
100 1 |a Kiyosaki, Robert T. 
245 1 0 |a Dạy con làm giàu  |n Tập 8  |p Để có những đồng tiền tích cực  |c Robert T. Kiyosaki ; Thiên Kim (dịch) 
250 |a Tái bản lần thứ 16 
260 |a Tp. Hồ Chí Minh  |b Nxb. Trẻ  |c 2016 
300 |a 134 tr.  |c 21cm 
520 3 |a Sách thảo luận về cái giá để làm giàu mà không phải ti tiện, không phải keo kiệt hoặc không phải cưới một anh chành hay cô nàng giàu có nào đó. Bạn sẽ học cách làm giàu có mà vẫn được hưởng thụ một cuộc sống thoải mái. 
653 |a Sách tham khảo 
700 1 |a Thiên Kim  |e Dịch 
942 |2 ddc  |c BK 
952 |0 0  |1 0  |2 ddc  |4 0  |6 332_024000000000000_K46_T_8  |7 0  |9 16840  |a 000001  |b 000001  |d 2019-05-11  |o 332.024 K46/T.8  |p TK.01377  |r 2019-05-11  |v 50000.00  |w 2019-05-11  |y BK 
952 |0 0  |1 0  |2 ddc  |4 0  |6 332_024000000000000_K46_T_8  |7 0  |9 16841  |a 000001  |b 000001  |d 2019-05-11  |o 332.024 K46/T.8  |p TK.01378  |r 2019-05-11  |v 50000.00  |w 2019-05-11  |y BK 
980 |a Thư viện Trường Đại học Nam Cần Thơ